[Event "LIII C.to Italiano"]
[Site "Filettino ITA"]
[Date "1994.01.22"]
[Round "10"]
[White "Redo, Nicola"]
[Black "Borgo, Giulio"]
[Result "0-1"]
[WhiteElo "2210"]
[BlackElo "2350"]
[PlyCount "146"]
[EventDate "1994.01.13"]

1. Nf3 Nf6 2. g3 c5 3. Bg2 d5 4. O-O Nc6 5. d3 g6 6. Nbd2 Bg7 7. e4 O-O 8. Re1
h6 9. h3 e5 10. exd5 Nxd5 11. Nc4 Re8 12. a4 b6 13. Kh2 Bb7 14. c3 Qc7 15. Qb3
Rad8 16. Bd2 Kh7 17. Rad1 Re7 18. Bc1 Red7 19. Kg1 Ba6 20. Bf1 Nde7 21. h4 Bb7
22. Bg2 f6 23. h5 g5 24. Qc2 Kh8 25. Qe2 Nd5 26. Bh3 Re7 27. Bf5 Bc8 28. Qe4
Bxf5 29. Qxf5 Qd7 30. Qg6 Qe6 31. d4 cxd4 32. Nxd4 Nxd4 33. cxd4 Qc8 34. Ne3
Nxe3 35. Rxe3 Red7 36. Rc3 Qb7 37. Re1 Rxd4 38. Be3 R4d7 39. Rec1 Qd5 40. Rc8
Qg8 41. R8c7 Qf8 42. a5 bxa5 43. Bxa7 f5 44. Bb6 a4 45. R1c6 Kg8 46. Kh2 g4 47.
Qe6+ Qf7 48. Rxd7 Rxd7 49. Rc8+ Kh7 50. Qxf7 Rxf7 51. Ra8 f4 52. Rxa4 Rf5 53.
gxf4 exf4 54. Bc7 Rxh5+ 55. Kg2 f3+ 56. Kg3 Rc5 57. Bd6 Rd5 58. Kxg4 Rxd6 59.
Kxf3 Bxb2 60. Kg4 Kg6 61. Ra5 Rd3 62. Ra6+ Bf6 63. f3 Rd4+ 64. Kh3 Kf5 65. Ra2
Be5 66. Re2 Rd1 67. Kg2 Rd8 68. Kh3 Rd1 69. Kg2 Bd4 70. Kg3 Rg1+ 71. Rg2 Be5+
72. Kf2 Ra1 73. Rg8 Ra2+ 0-1

[Event "LIII C.to Italiano"]
[Site "Filettino ITA"]
[Date "1994.01.22"]
[Round "10"]
[White "Rossi, Carlo"]
[Black "Belotti, Bruno"]
[Result "0-1"]
[WhiteElo "2345"]
[BlackElo "2420"]
[PlyCount "82"]
[EventDate "1994.01.13"]

1. e4 d6 2. f4 c5 3. Nf3 Nc6 4. Nc3 g6 5. a3 Bg7 6. b4 cxb4 7. axb4 Nxb4 8. Ba3
Nc6 9. Bc4 Nf6 10. e5 dxe5 11. Nxe5 O-O 12. Nxc6 bxc6 13. Bc5 Bg4 14. Qc1 Nd5
15. Bxd5 cxd5 16. d4 Qd7 17. O-O Rfc8 18. Qd2 Bf5 19. Ra5 Be4 20. Nxe4 dxe4 21.
c3 e6 22. Rfa1 Rc7 23. Qb2 Bf8 24. Rxa7 Raxa7 25. Rxa7 Bxc5 26. Qb8+ Rc8 27.
Rxd7 Rxb8 28. dxc5 Rc8 29. Rd4 f5 30. Rc4 Kf7 31. Kf2 e5 32. Ke3 Ke6 33. g4 Kd5
34. Ra4 Rxc5 35. gxf5 Rxc3+ 36. Kd2 Rd3+ 37. Ke2 gxf5 38. Ra5+ Ke6 39. Rxe5+
Kf6 40. Ra5 Rf3 41. Ra6+ Kg7 0-1

[Event "LIII C.to Italiano"]
[Site "Filettino ITA"]
[Date "1994.01.23"]
[Round "11"]
[White "Belotti, Bruno"]
[Black "Marinelli, Tullio"]
[Result "1-0"]
[WhiteElo "2420"]
[BlackElo "2370"]
[PlyCount "69"]
[EventDate "1994.01.13"]

1. d4 Nf6 2. Nf3 e6 3. Bg5 b6 4. e4 h6 5. Bxf6 gxf6 6. Nc3 Bb7 7. Bd3 Nc6 8. a3
Rg8 9. g3 Qe7 10. Qe2 a6 11. O-O h5 12. d5 Ne5 13. Nxe5 fxe5 14. Qxh5 Qf6 15.
b4 Bd6 16. dxe6 dxe6 17. Nd1 a5 18. Ne3 axb4 19. axb4 Bxb4 20. Rxa8+ Bxa8 21.
Ra1 Ke7 22. Ra7 Bd6 23. Nc4 Rh8 24. Qe2 Qh6 25. h4 Qc1+ 26. Kg2 Bc6 27. Qg4 Be8
28. Nxb6 Bc5 29. Rxc7+ Kd6 30. Qg7 Rxh4 31. Nc4+ Kxc7 32. Qxe5+ Kd8 33. gxh4
Be7 34. Qb8+ Kd7 35. Ne5# 1-0

[Event "LIII C.to Italiano"]
[Site "Filettino ITA"]
[Date "1994.01.23"]
[Round "11"]
[White "Lucaroni, Massimiliano"]
[Black "Arlandi, Ennio"]
[Result "0-1"]
[WhiteElo "2290"]
[BlackElo "2430"]
[PlyCount "77"]
[EventDate "1994.01.13"]

1. e4 e5 2. Bc4 Nf6 3. d3 Nc6 4. Nc3 Na5 5. Nge2 Nxc4 6. dxc4 h6 7. Ng3 d6 8.
O-O g6 9. f4 Be6 10. Qe2 Bg7 11. f5 Bd7 12. Be3 O-O 13. Rad1 b6 14. Nd5 Kh7 15.
Bc1 Bc6 16. Nxf6+ Bxf6 17. Rd3 Qe7 18. Rdf3 g5 19. Rc3 Rh8 20. Qg4 Kg8 21. Nh5
Kf8 22. Rg3 Ke8 23. b4 a5 24. a3 Kd7 25. Rc3 Kc8 26. c5 dxc5 27. bxc5 b5 28.
Rd1 Kb7 29. Rcd3 Qxc5+ 30. Be3 Qe7 31. Qe2 Rhd8 32. Rd5 Bh8 33. Rxb5+ Bxb5 34.
Qxb5+ Kc8 35. Rb1 Qd6 36. Qb7+ Kd7 37. Qb5+ c6 38. Qe2 Ke8 39. Qc4 0-1

[Event "LIII C.to Italiano"]
[Site "Filettino ITA"]
[Date "1994.01.23"]
[Round "11"]
[White "Passerotti, Pierluigi"]
[Black "Godena, Michele"]
[Result "0-1"]
[WhiteElo "2330"]
[BlackElo "2480"]
[PlyCount "82"]
[EventDate "1994.01.13"]

1. c4 e5 2. Nc3 Nf6 3. g3 d5 4. cxd5 Nxd5 5. Bg2 Nb6 6. Nf3 Nc6 7. O-O Be7 8.
d3 O-O 9. Be3 Bg4 10. a3 Re8 11. h3 Be6 12. Rc1 Qd7 13. Kh2 f6 14. d4 exd4 15.
Nxd4 Nxd4 16. Qxd4 Qxd4 17. Bxd4 c6 18. Ne4 Bd5 19. e3 Nc4 20. Rc2 Bf8 21. Nc5
Bxg2 22. Kxg2 Nd6 23. Nd3 Rad8 24. Bc5 Nf5 25. Nf4 Bxc5 26. Rxc5 Nd6 27. Rd1
Ne4 28. Rxd8 Rxd8 29. Rc2 Kf7 30. Kf3 Rd2 31. Rxd2 Nxd2+ 32. Ke2 Nc4 33. Nd3
Ke6 34. a4 b6 35. e4 a5 36. Kd1 b5 37. b3 Nb6 38. axb5 cxb5 39. Nc5+ Ke5 40.
Nb7 a4 41. bxa4 bxa4 0-1